Statistics for Countries in Chinese

Click here to take the quiz!

General Stats

  • This quiz has been taken 12 times
  • The average score is 11 of 15

Answer Stats

Chinese (Hanzi)PinyinCountry% Correct
意大利yì dà lìItaly
92%
墨西哥mò xī gēMexico
92%
澳大利亚ào dà lì yǎAustralia
83%
加拿大jiā ná dàCanada
83%
智利zhì lìChile
83%
印度yìn dùIndia
83%
爱尔兰ài’ěrlánIreland
83%
新加坡xīn jiā pōSingapore
83%
泰国tài guóThailand
83%
印度尼西亚yìn dù ní xī yàIndonesia
75%
乍得zhàdéChad
67%
秘鲁bì lǔPeru
67%
白俄罗斯bái’è luó sīBelarus
58%
危地马拉wēi dì mǎ lāGuatemala
58%
西班牙xī bān yáSpain
50%

Score Distribution

Percentile by Number Answered

Percent of People with Each Score

Your Score History

You have not taken this quiz